[Event "Manizales Feria op 29th"]
[Site "Manizales"]
[Date "2024.01.07"]
[Round "5"]
[White "Archbold Velez, Allan"]
[Black "Martinez Carrillo, Cristian"]
[Result "1-0"]
[WhiteElo "1288"]
[BlackElo "1600"]
[PlyCount "55"]
[EventDate "2024.01.05"]
[EventType "swiss"]
[EventRounds "7"]
[EventCountry "COL"]
[SourceTitle "CB02_2024"]
[SourceDate "2024.01.10"]
[SourceVersion "1"]
[SourceVersionDate "2024.01.10"]
[SourceQuality "1"]

1. e4 e5 2. Nf3 Nc6 3. Nc3 Bc5 4. Bc4 f6 5. d3 Nge7 6. 0-0 d5 7. Nxd5 Nxd5 8. Bxd5 Ne7 9. Qe2 c6 10. Bc4 Bd7 11. Be3 Bd6 12. d4 exd4 13. Bxd4 c5 14. Bc3 Qc7 15. e5 fxe5 16. Nxe5 0-0-0 17. g3 Rhf8 18. Nxd7 Qxd7 19. Be6 Qxe6 20. Qxe6+ Kc7 21. Be5 Ng6 22. Bxd6+ Rxd6 23. Qc4 b6 24. Rad1 Ne5 25. Qa6 Re6 26. Kg2 Nc6 27. Rfe1 Nb4 28. Qxa7+ 1-0